[Event "Challenge"]
[Site "http://www.queenalice.com/game.php?id=355908"]
[Date "2008.2.17"]
[Round "-"]
[White "Wefferson__Emerich"]
[Black "Ginga"]
[Result "0-1"]
[WhiteElo "1552"]
[BlackElo "1160"]

1. e4 Nf6 2. Qf3 d6 3. Bc4 Nh5 4. Qxf7+ Kd7 5. Qxh5 h6 6. d4 b6 7. Nc3 Nc6 8.
Be3 Nb4 9. Qb5+ c6 10. Qxb4 e6 11. d5 c5 12. Qb5+ Ke7 13. dxe6 Bxe6 0-1

[Event "Challenge"]
[Site "http://www.queenalice.com/game.php?id=358766"]
[Date "2008.2.22"]
[Round "-"]
[White "Ginga"]
[Black "sdbrasil"]
[Result "0-1"]
[WhiteElo "1190"]
[BlackElo "1166"]

1. Nf3 e6 2. Nc3 h6 3. Ne5 Qe7 4. Nb5 c6 5. Nc7+ Kd8 6. Nxa8 Nf6 7. c3 d6 8. Nf3
g5 9. Nd4 Nh5 10. e4 Nf4 11. Rg1 c5 12. Nb5 Bg7 13. Bc4 a6 14. Na7 Bd7 15. a4 d5
16. exd5 exd5+ 17. Kf1 dxc4 18. g3 Nh5 19. Qxh5 Bf5 20. Nb6 Bd3+ 21. Kg2 Be2 22.
Nd5 Qe4+ 23. Kh3 Bxh5 24. Ne3 Re8 25. Ra3 Bf6 26. b3 g4+ 27. Nxg4 Bxg4# 0-1

[Event "Challenge"]
[Site "http://www.queenalice.com/game.php?id=360389"]
[Date "2008.2.24"]
[Round "-"]
[White "Ginga"]
[Black "rigler8"]
[Result "1-0"]
[WhiteElo "1219"]
[BlackElo "1397"]

1. e4 e5 2. c3 Nf6 3. d3 d5 4. Qa4+ Bd7 5. Qb3 dxe4 6. dxe4 Nxe4 7. Qxb7 Nc6 8.
h4 Rb8 9. Qa6 Rb6 10. Qa4 f5 11. Ba6 Nc5 12. Qa3 Nd3+ 13. Kd1 Bxa3 14. bxa3 Rxa6
15. Be3 f4 16. Bc5 Ra5 17. Bb4 Ra4 18. Ne2 Nxf2+ 19. Kd2 Nxh1 20. Bc5 Qxh4 21.
Kc2 Re4 22. Nc1 Qf2+ 23. Bxf2 Nxf2 24. Kb3 Na5+ 25. Kb2 Nc4+ 26. Kb3 Na5+ 27.
Kb2 h5 28. Nd2 Nd1+ 29. Kc2 Ba4+ 30. Kb1 Nxc3+ 31. Kb2 Nd1+ 32. Kb1 Kf7 33. Nxe4
Rb8+ 34. Nb3 Nxb3 35. Ng5+ Kg6 36. Ne6 Nd2+ 37. Kc1 Rb2 38. Nf8+ Kf7 39. Nh7 h4
40. Ng5+ 1-0

[Event "Challenge"]
[Site "http://www.queenalice.com/game.php?id=362504"]
[Date "2008.2.28"]
[Round "-"]
[White "Wefferson_Emerich_0802"]
[Black "Ginga"]
[Result "1-0"]
[WhiteElo "1716"]
[BlackElo "1172"]

1. e4 c6 2. Bc4 e6 3. e5 a6 4. d4 Bb4+ 5. c3 Ba5 6. Nh3 h6 7. Qg4 Kf8 8. b4 Bb6
9. Qf3 Ne7 10. Nf4 Nf5 11. a4 Nd6 12. Ng6+ Kg8 13. Nxh8 Kxh8 14. exd6 a5 15.
bxa5 Bxa5 16. Qxf7 Na6 17. Qe7 Qb6 18. Qe8+ Kh7 19. Bd3+ g6 20. Qxg6+ Kh8 21.
Qh7# 1-0

[Event "Challenge"]
[Site "http://www.queenalice.com/game.php?id=364298"]
[Date "2008.3.2"]
[Round "-"]
[White "llina"]
[Black "Ginga"]
[Result "1-0"]
[WhiteElo "1418"]
[BlackElo "1179"]

1. d4 e6 2. Nf3 b5 3. e3 Bb4+ 4. c3 Ba5 5. b4 Bb6 6. Bxb5 c6 7. Bd3 Nf6 8. b5
Bb7 9. Ne5 Ba5 10. O-O g5 11. f3 d6 12. bxc6 Bc8 13. Nc4 Bxc3 14. Nxc3 Nxc6 15.
Ba3 O-O 16. Bxd6 Re8 17. Be4 Ba6 18. Qa4 Qc8 19. Bxc6 Rd8 20. Bxa8 Bxc4 21. Rfc1
Rxd6 22. Ne4 Ra6 23. Rxc4 Qxa8 24. Nxf6+ Kg7 25. Qxa6 Kxf6 26. Rc7 Qb8 27. Qxa7
Qb2 28. Rxf7+ Kg6 29. Rg7+ Kf6 30. Qf7# 1-0

[Event "Challenge"]
[Site "http://www.queenalice.com/game.php?id=368584"]
[Date "2008.3.10"]
[Round "-"]
[White "chesplayer"]
[Black "Ginga"]
[Result "1-0"]
[WhiteElo "1577"]
[BlackElo "1173"]

1. e4 e6 2. d4 b6 3. e5 Bb4+ 4. c3 Be7 5. Nf3 c6 6. Bc4 Nh6 7. Bxh6 gxh6 8. Nbd2
Rg8 9. O-O h5 10. g3 a5 11. Bd3 Na6 12. Bxa6 Bxa6 13. Re1 c5 14. dxc5 bxc5 15.
Ne4 Rg6 16. b3 Rb8 17. Nd6+ Kf8 18. c4 Rb4 19. Qd2 Rg4 20. Qh6+ Kg8 21. Qxh5 f5
22. exf6 Bxf6 23. Qxg4+ Kh8 24. Nf7# 1-0

[Event "Challenge"]
[Site "http://www.queenalice.com/game.php?id=370970"]
[Date "2008.3.14"]
[Round "-"]
[White "Ginga"]
[Black "cowgirl"]
[Result "0-1"]
[WhiteElo "1174"]
[BlackElo "1853"]

1. e3 e5 2. Qh5 Nf6 3. Qxe5+ Be7 4. a4 Nc6 5. Qg5 O-O 6. Bc4 d5 7. Bb5 Bd7 8.
Nf3 a6 9. Qh4 axb5 10. g4 Bxg4 11. Qg3 Bxf3 12. Qxf3 bxa4 13. Rg1 g6 14. Rg3 Ne4
15. Rh3 Ng5 16. Qg4 Nxh3 17. Qxh3 Nb4 18. Ke2 Nxc2 19. Ra2 Qd6 20. Nc3 Nb4 21.
Ra1 Qa6+ 22. Kf3 Nc2 23. Ra2 Ne1+ 24. Kf4 Qf6+ 25. Kg4 Qg5# 0-1

[Event "Challenge"]
[Site "http://www.queenalice.com/game.php?id=382578"]
[Date "2008.4.5"]
[Round "-"]
[White "cowgirl"]
[Black "Ginga"]
[Result "1-0"]
[WhiteElo "1893"]
[BlackElo "1242"]

1. d4 d5 2. Nf3 Nd7 3. e3 e6 4. Bd3 b6 5. O-O g6 6. Nc3 Bh6 7. Qe2 a6 8. Ne5
Ndf6 9. b3 b5 10. Ba3 Nh5 11. Bc5 Qf6 12. a4 Bb7 13. f4 O-O-O 14. g4 Ng7 15. g5
Bxg5 16. fxg5 Qxg5+ 17. Kh1 Nh5 18. Nxf7 Ngf6 19. Nxg5 b4 20. Bxb4 Ng8 21. Nf7
Ne7 22. Nxh8 Rxh8 23. Bxe7 Kd7 24. Bh4 Rg8 25. Qf2 Re8 26. Qf7+ Kd6 27. Qxe8 Ng7
28. Be7# 1-0

[Event "Challenge"]
[Site "http://www.queenalice.com/game.php?id=383144"]
[Date "2008.4.6"]
[Round "-"]
[White "jcmobregon"]
[Black "Ginga"]
[Result "1-0"]
[WhiteElo "2176"]
[BlackElo "1192"]

1. c4 Na6 2. g3 d6 3. Bg2 e5 4. Nf3 e4 5. Nd4 Nc5 6. b4 Na4 7. Qxa4+ Bd7 8. Qb3
Qf6 9. Bb2 O-O-O 10. Nc6 Bxc6 11. Bxf6 gxf6 12. b5 Bd7 13. Bxe4 Nh6 14. Qf3 Bg4
15. Bxb7+ Kd7 16. Qxf6 Rg8 17. Nc3 Be7 18. Qxh6 Bf5 19. Qe3 Bf6 20. Bc6+ Kc8 21.
Qxa7 Rdf8 22. Qa8# 1-0

[Event "Challenge"]
[Site "http://www.queenalice.com/game.php?id=402266"]
[Date "2008.5.13"]
[Round "-"]
[White "jcmobregon"]
[Black "Ginga"]
[Result "1-0"]
[WhiteElo "2196"]
[BlackElo "1230"]

1. c4 b6 2. d4 e6 3. Nf3 d6 4. g3 Ke7 5. Bg2 Bd7 6. O-O Bc6 7. Nc3 g6 8. e4 Qc8
9. d5 Bb7 10. e5 Bg7 11. Bg5+ f6 12. exf6+ Nxf6 13. Bh3 h6 14. Bxf6+ Kxf6 15.
Bxe6 Qe8 16. Re1 Ke7 17. Bh3+ Be5 18. Nxe5 dxe5 19. Rxe5+ Kf7 20. Qf3+ Kg7 21.
Rxe8 Rxe8 22. Ne4 Rd8 23. Qf6+ Kh7 24. Qf7+ Kh8 25. Nf6 Na6 26. Qh7# 1-0

[Event "Challenge"]
[Site "http://www.queenalice.com/game.php?id=402267"]
[Date "2008.5.13"]
[Round "-"]
[White "Ginga"]
[Black "jcmobregon"]
[Result "0-1"]
[WhiteElo "1213"]
[BlackElo "2199"]

1. c4 Nf6 2. g3 e5 3. c5 Bxc5 4. Qc2 Qe7 5. Qa4 O-O 6. Bh3 d5 7. Bg2 Bf5 8. Nc3
c6 9. Qh4 Nbd7 10. Bf3 e4 11. Bg2 Ne5 12. b3 Ng6 13. Nxd5 cxd5 14. Qg5 Qe5 15.
Rb1 h6 16. Qxf5 Qxf5 17. Bh3 Qxf2+ 18. Kd1 Ne5 19. Bb2 d4 20. Rc1 b6 21. Bd7
Nfxd7 22. h3 Qg2 23. h4 Qxh1 24. Kc2 Rac8 25. e3 Ba3+ 26. Kb1 Rxc1+ 27. Kxc1
Qxg1+ 28. Kc2 Rc8+ 29. Bc3 Qc1# 0-1